Cinéma - Reliez 20 meurtres à la bonne arme du crime - Statistiques

Statistiques générales
  • Ce quiz a été pris 150 fois
  • Le résultat moyen est 7 sur 20
Statistiques - réponses
Hint Réponse % Correct
L'arme qui tue O-Ren Ishii jouée par Lucy Liu dans Kill Bill : Volume 1 (2003) Katana
80%
L'arme qui tue Commode dans Gladiator (2000) Dague
75%
L'arme qui tue Kenny dans Texas Chainsaw 3D (2013) Tronçonneuse
64%
L'arme qui tue Dick Halloran joué par Scatman Crothers dans Shining (1980) Hache
48%
L'arme qui tue Adrian Caparzo joué par Vin Diesel dans Il faut sauver le soldat Ryan (1998) Carabine à verrou de sniper
44%
L'arme qui tue Judith Myers dans Halloween : La Nuit des masques (1978) Couteau de cuisine
43%
L'arme qui tue un homme arrêté au bord de la route sortant d'une Ford dans No Country For Old Men (2007) Pistolet d'abattage associé à une bouteille d'air comprimé
43%
L'arme qui tue la rock star Johnny Boz joué par Bill Cable dans Basic Instinct (1992) Pic à glace
41%
L'arme qui tue Norman Stansfield joué par Gary Oldman dans Leon (1995) Grenade (et explosifs)
35%
L'arme qui tue Tatum Riley jouée par Rose McGowan dans Scream (1996) Porte de garage
33%
L'arme qui tue le père de famille et neurochirurgien Dean Armitage dans Get Out (2017) Tête de cerf empaillée
33%
L'arme qui tue Helen Shivers jouée par Sarah Michelle Gellar dans Souviens toi l'Ete dernier (1997) Crochet
30%
L'arme qui tue Alderson, la première victime dans Cube (1997) Grillage de fils de rasoir
29%
L'arme qui tue une famille dans la bobine nommée Lawn Work '86 dans Sinister (2012) Tondeuse à gazon
27%
L'arme qui tue Clara Dandieu jouée par Romy Schneider dans Le Vieux Fusil (1975) Lance-flammes
20%
L'arme qui tue Randall, un collègue d'Arthur Fleck dans Joker (2019) Paire de ciseaux
20%
L'arme qui tue Zep Hindle joué par Michael Emerson dans Saw (2004) Couvercle de réservoir de toilettes
11%
L'arme qui tue Soeur Abigail dans Esther (2009) Marteau
11%
L'arme qui tue Celia, la voisine de Gemma dans M3GAN (2022) Pulvérisateur de pesticides
10%
L'arme qui tue Kyung-chul dans J'ai rencontré le Diable (2010) Guillotine
9%
Aucun quiz correspondant
Distribution des résultats
% des personnes avec chaque résultat
Percentile par nombre de réponses
Votre historique - résultats
Vous n’avez pas pris ce quiz